| 000 | 00958nam a22003017a 4500 | ||
|---|---|---|---|
| 001 | BR2014007325 | ||
| 003 | BR-BrBNA | ||
| 005 | 20230928104533.0 | ||
| 007 | ta | ||
| 008 | 230509b bl.||||| |||| 00| 0 por d | ||
| 040 |
_aBR-BrBNA _bpor _cBiblioteca Nacional de Agricultura |
||
| 041 | _a(Por) | ||
| 072 |
_aQ03 _b4120 |
||
| 090 | _ 4120 BR2014007325 | ||
| 100 | 1 | _aCouto, F.A. | |
| 110 | 1 |
_aUniversidade Federal de Lavras, MG (Brasil) _0Tese (Doutorado) |
|
| 245 | 1 | _aIdentificação de espécies do gênero Aspergillus, seções Nigri, Flavi e Circumdati por taxonomia polifásica | |
| 260 | 3 |
_aLavras, MG (Brasil): _c2013. |
|
| 300 | _a91 p. | ||
| 500 | _aSummaries (Eng, Por); Includes several bibliographies; 11 illus.; 5 tables | ||
| 650 | _aALIMENTO | ||
| 650 | _aFUNGO | ||
| 650 | _aANALISE MICROBIOLOGICA | ||
| 650 | _aMICROBIOLOGIA DE ALIMENTO | ||
| 650 | _aASPERGILLUS | ||
| 909 |
_a202309 _bLucia _c55 _dLucia Elande |
||
| 942 | _cBK | ||
| 999 |
_c80461 _d80461 |
||